MARC

LEADER 00000nam a2200000Ia 4500
001 17131
008 160829s2002 xx 000 0 cat d
020 |a 84-7794-857-7 
080 |a FOL-2-97 
245 4 |a The City of K. :  |b  Franz Kafka & Prague / catalogue editor:  |b  Juan Insua 
260 |a Barcelona :  |b Institut d'Edicions de la Diputació de Barcelona :  |b Centre de Cultura Contemporània de Barcelona,  |c 2002 
300 |a 192 p :  |b  principalment il. ;  |c 33 cm 
590 |a Catàleg de l'exposició del mateix nom, al CCCB entre el 20 de juliol i el 10 d'octubre de 1999 i a The Jewish Museum, New York, entre l'11 d'agost de 2002 i el 5 de gener de 2003. 
650 |a Kafka, Franz  |x Residències i indrets freqüentats  |x Praga  |x Exposicions   |9 21186 
650 |a Praga  |x Descripcions i viatges  |x Exposicions  |9 21187 
700 1 |a Insúa, Juan  |9 21188 
710 2 |a Centre de Cultura Contemporània de Barcelona  |9 52510 
710 1 |a Barcelona (Catalunya : Província).  |b Diputació  |9 52408 
901 |a Arxiu 
942 |n 1 
952 |0 0  |1 0  |4 0  |6 FOL297  |7 1  |9 41820  |a Arxiu  |b Arxiu  |d 2016-12-01  |l 0  |o FOL-2-97  |p 17131  |r 2016-12-01 00:00:00  |w 2016-12-01  |y ARXIU 
999 |c 43743  |d 43743